000 00235nam a2200109Ia 4500
008 190216s9999||||xx |||||||||||||| ||und||
100 _aUroob
245 0 _aNeela Velicham
260 _bK R Brothers
650 _aMalayalam
942 _cBK
999 _c27006
_d27006